Statystyki dla Wszyscy sąsiedzi graniczące z Rosją!

Kliknij tutaj aby rozwiązać quiz!

Ogólne statystyki

  • Ten quiz został rozwiązany 1 619 razy
    (1 267 od ostatniego zresetowania)
  • Średni wynik to 13 z 14

Statystyki odpowiedzi

Odpowiedzi% Poprawnych
Chiny
97%
Litwa
95%
Polska
95%
Ukraina
95%
Białoruś
94%
Estonia
94%
Łotwa
94%
Kazachstan
93%
Finlandia
92%
Mongolia
92%
Gruzja
86%
Korea północna
81%
Azerbejdżan
80%
Norwegia
69%

Rozkład punktacji

Percentyl według liczby udzielonych odpowiedzi

Procent ludzi z każdym wynikiem

Twoja historia wyników

Nie rozwiązałeś tego quizu od ostatniego zresetowania